Critical genre analysis: investigating interdiscursive performance in professional practice

Saved in:
Bibliographic Details
Main Author: Bhatia, Vijay (Author)
Format: Book
Language:English
Published: Nueva York Routledge Taylor and Francis Group 2017
Edition:1a. ed
Subjects:
Tags: Add Tag
No Tags, Be the first to tag this record!

MARC

LEADER 00000cam a2200000 a 4500
001 UCD8525
003 CL-VaPUC
008 170512e20170000us |||||||||||||||||eng|d
020 |a 9781138915299 
082 0 4 |a 401  |b BHA  |2 21 
100 |a Bhatia, Vijay  |e author  |9 577162 
245 1 0 |a Critical genre analysis: investigating interdiscursive performance in professional practice 
250 |a 1a. ed 
300 |a 220 p 
942 |c BK 
945 |d 20170512 22:27:00  |a arojas 
260 |a Nueva York  |b Routledge Taylor and Francis Group  |c 2017 
650 0 |a Análisis del discurso  |9 256696 
650 0 |a Filosofía del lenguaje  |9 257082 
650 0 |a Crítica e interpretación   |9 255042 
583 |a last modification  |c 20170512 22:27:00  |k Rodrigo Vera 
999 |c 367930  |d 367928 
952 |0 0  |1 0  |3 erd  |4 0  |6 401_000000000000000_BHA_2017  |7 0  |8 A  |9 483141  |a FDOPOS  |b BIBEDU  |i 537541K  |l 2  |o 401 BHA 2017  |p 537541K  |r 2025-01-22  |s 2020-10-12  |w 2019-11-24  |y BK  |z Catalogado en:20170512  |k DLA